|
|
|
|
| LEADER |
01155nab#a2200409#ar4500 |
| 001 |
000103921 |
| 003 |
SVKKK |
| 005 |
20110202082458.0 |
| 008 |
110202c2010 xo |||||||||||||||b|eng |
| FMT |
|
|
|
| 015 |
|
|
|a SNBRB2011/02
|
| 038 |
|
|
|a SVKKK
|
| 040 |
|
|
|a SVKKK
|b slo
|e AACR2
|
| 041 |
0 |
|
|a eng
|b eng
|
| 044 |
|
|
|a xo
|c SK
|
| 080 |
|
|
|a 621.742
|2 1997
|
| 080 |
|
|
|a 547.722
|2 1997
|
| 100 |
1 |
|
|a Dziaková, M.
|4 aut
|
| 242 |
1 |
0 |
|a Vplyv prevádzkových faktorov na vlastnosti furánových zmesí
|
| 245 |
1 |
0 |
|a Influence of operating factors on properties of furan mixtures
|c M. Dziaková, I. Vasková, D. Fecko
|
| 300 |
|
|
|b Obr., tab.
|
| 504 |
|
|
|a Bibliogr. odkazy
|
| 504 |
|
|
|a Res. angl.
|
| 650 |
0 |
4 |
|a furánové zmesi
|
| 650 |
0 |
4 |
|a formovacie materiály
|x zrnitosť
|
| 650 |
0 |
4 |
|a odlievanie
|
| 700 |
1 |
|
|a Vasková, I.
|4 aut
|
| 700 |
1 |
|
|a Fecko, D.
|4 aut
|
| 773 |
0 |
|
|t Acta metallurgica slovaca
|x 1338-1156
|g Roč. 16, č. 1 (2010), s. 58-63
|
| 958 |
|
|
|a NB
|
| 974 |
|
|
|a Ma
|
| 992 |
|
|
|a RBX
|
| BAS |
|
|
|
| 852 |
|
|
|a SVKKK
|b BIB
|
| 856 |
4 |
1 |
|u http://www.ams.tuke.sk/data/ams_online/2010/number1/mag08/mag08.pdf
|
| EXP |
|
|
|
| 998 |
|
|
|a HUT
|